| 000 | 01047cam a22003015a 4500 | ||
|---|---|---|---|
| 001 | 18761881 | ||
| 005 | 20161009155058.0 | ||
| 008 | 150827t2015 flua frb 001 0 eng d | ||
| 010 | _a 2015472229 | ||
| 015 |
_aGBB4D1707 _2bnb |
||
| 016 | 7 |
_a016948134 _2Uk |
|
| 020 | _a9781466566859 (hardback) | ||
| 035 | _a(OCoLC)ocn795010766 | ||
| 040 |
_aYDXCP _beng _cYDXCP _dBTCTA _dUKMGB _dIXA _dDLC _dEG-ScBUE |
||
| 082 | 0 | 4 |
_a622.3381 _bSMI _222 |
| 100 | 1 |
_aSmith, Michael Berry‏. _941353 |
|
| 245 | 1 | 0 |
_aHydraulic fracturing / _cMichael Berry Smith, Carl T. Montgomery. |
| 260 |
_aBoca Raton : _bCRC Press, Taylor & Francis Group, _cc.2015. |
||
| 300 |
_axxxiii, 777 p. : _bill. (some col.) ; _c24 cm. |
||
| 490 | 0 | _aEmerging trends and technologies in petroleum engineering | |
| 504 | _aIncludes bibliographical references and index. | ||
| 650 | 0 |
_aHydraulic fracturing. _2BUEsh |
|
| 651 | _2BUEsh | ||
| 653 |
_bENGPET _bENGARC _bENGELC _cOctober2016 |
||
| 655 |
_vReading book _934232 |
||
| 700 | 1 |
_aMontgomery, Carl T. _941354 |
|
| 942 | _2ddc | ||
| 999 |
_c22468 _d22440 |
||